| 000 | 00585nam a22001697a 4500 | ||
|---|---|---|---|
| 003 | OSt | ||
| 005 | 20171010095507.0 | ||
| 008 | 120810t xxu||||| |||| 00| 0 eng d | ||
| 040 |
_aMMSU _cULS |
||
| 100 |
_aCardenas, Virginia R. _911943 |
||
| 245 |
_aThe Cooptation of indigenous and recommended rice technologies among the Ilocanos _cVirginia R. Cardenas |
||
| 260 | _c1981 | ||
| 300 |
_axix, 198 leaves _c28 cm. |
||
| 500 | _aThesis (PhD.-Extension Education) -- University of the Philippines, Los Banos, Laguna | ||
| 504 | _aBibliography: leaves 193-198 | ||
| 942 |
_2ddc _cTHEDIS |
||
| 999 |
_c9687 _d9687 |
||